|
|
|
|
| LEADER |
00996pam a22003258a 4500 |
| 001 |
00026682 |
| 005 |
20171026081023.0 |
| 008 |
110816s2005 ||||||viesd |
| 020 |
|
|
|c 28000
|
| 041 |
0 |
# |
|a vie
|
| 082 |
1 |
4 |
|a 530.12
|b GI108TR
|
| 100 |
1 |
# |
|a Phan Đình Kiến
|
| 245 |
1 |
0 |
|c Phan Đình Kiến
|a Giáo trình cơ học lượng tử
|
| 260 |
# |
# |
|a H.
|b Đại học Sư phạm
|c 2005
|
| 300 |
# |
# |
|a 230 tr.
|b hình vẽ
|c 24 cm.
|
| 650 |
# |
4 |
|a Cơ học lượng tử
|
| 650 |
# |
4 |
|a Lượng tử
|
| 650 |
# |
4 |
|a Lí thuyết tán xạ
|
| 650 |
# |
4 |
|a Lí thuyết
|
| 650 |
# |
4 |
|a Giáo trình
|
| 852 |
# |
# |
|b Kho giáo trình
|j KGT.0031791, KGT.0031792
|
| 852 |
# |
# |
|j KGT.0031791
|j KD.0010789
|j KGT.0031792
|
| 852 |
# |
# |
|b Kho đọc
|j KD.0010789
|
| 852 |
# |
# |
|b Kho mượn
|j KGT.0031791
|
| 910 |
|
|
|d 16/08/2011
|
| 980 |
# |
# |
|a Trung tâm Học liệu Lê Vũ Hùng, Trường Đại học Đồng Tháp
|